000 00676nam a22002297a 4500
003 OSt
005 20220107122722.0
008 130826b xxu||||| |||| 00| 0 eng d
020 _a9788131787465
040 _cIIITM-K
082 _a658.4038011 LAU/M
100 _aLaudon, Kenneth C
_92141
245 _aManagement information systems:
_bManaging the digital firm
_cby Kenneth C Laudon, Jane P Laudon
250 _a12th edition
260 _aNew Delhi,
_bPearson,
_c2013.
300 _axxxi, 119p.
650 _aINFORMATION SYSTEMS
_92142
650 _aPERSONNEL MANAGEMENT
_92143
650 _aDECISION MAKING
_92144
700 _aLaudon, Jane P
_92145
942 _2ddc
_cBK
999 _c3318
_d3318